Statistics for The oh hellos lyric quiz- no hints random

Click here to take the quiz!

General Stats

  • This quiz has been taken 22 times
  • The average score is 107 of 233

Answer Stats

lyric% Correct
a
95%
I
95%
i
95%
the
89%
of
74%
an
68%
in
68%
to
68%
and
63%
it
63%
my
63%
we
63%
like
58%
you
58%
sing
53%
that
53%
they
53%
was
53%
but
47%
he
47%
house
47%
light
47%
me
47%
passerine
47%
this
47%
with
47%
would
47%
augustus
42%
bells
42%
bring
42%
cant
42%
do
42%
fire
42%
into
42%
kind
42%
rings
42%
were
42%
again
37%
am
37%
fox
37%
id
37%
I'd
37%
no
37%
only
37%
pushing
37%
spear
37%
what
37%
when
37%
your
37%
always
32%
are
32%
birds
32%
feeling
32%
hum
32%
shake
32%
side
32%
single
32%
song
32%
thing
32%
burrow
26%
eagle
26%
echoing
26%
fewer
26%
gasoline
26%
god
26%
have
26%
its
26%
took
26%
vine
26%
any
21%
as
21%
at
21%
carillon
21%
cold
21%
dont
21%
even
21%
feathers
21%
fingers
21%
fuel
21%
hard
21%
hymn
21%
little
21%
more
21%
palms
21%
aerie
16%
door
16%
dream
16%
find
16%
from
16%
getting
16%
looking
16%
lord
16%
oh
16%
reek
16%
still
16%
than
16%
centurions
11%
comes
11%
gilded
11%
greco-roman
11%
holy
11%
knocking
11%
melt
11%
messiah
11%
north
11%
nothing
11%
prune
11%
rock
11%
seams
11%
see
11%
wind
11%
purifying
5%
throwing
5%
blows
0%
brings
0%
relif
0%

Score Distribution

Percentile by Number Answered

Percent of People with Each Score

Your Score History

You have not taken this quiz